| 000 | 01528cam a2200241 4500 | ||
|---|---|---|---|
| 001 | 6455 | ||
| 010 | _a 2015038921 | ||
| 020 | _a9781569570456 | ||
| 100 | 0 |
_aChodron, Thubten. _d1950- _e |
|
| 245 | 1 | 0 |
_aGood karma : _bhow to create the causes of happiness and avoid the causes of suffering / _cThubten Chodron. |
| 250 | _aFirst Edition. | ||
| 264 | 1 |
_aBoulder : _bShambhala, _c2016. |
|
| 300 |
_axii, 256 pages ; _c23 cm |
||
| 336 |
_atext _btxt _2rdacontent |
||
| 337 |
_aunmediated _bn _2rdamedia |
||
| 338 |
_avolume _bnc _2rdacarrier |
||
| 504 | _aIncludes bibliographical references (pages 255-256). | ||
| 520 | _aWhy do things happen the way they do in our lives? How do we create the causes for a happy life? The Buddhist practice of mind training gives us the answer to these questions: it involves overcoming our self-centered attitude and replacing it with an attitude that cherishes others. This, in turn, leads us to act in ways that naturally lead away from suffering and toward happiness-- in short, to create good karma. Thubten Chodron offers a commentary on one of the great Tibetan Buddhist poems, The Wheel of Sharp Weapons, which shows, clearly and practically, how to eliminate the causes of anxiety, fear, and depression and to create the causes of joyful liberation for oneself and all others. | ||
| 650 |
_aReligion and Spirituality. _v _x _y _z _2 |
||
| 650 | 0 |
_aHappiness _xReligious aspects _xBuddhism. |
|
| 650 | 0 |
_aReligious life _xBuddhism. |
|
| 650 | 0 |
_aSuffering _xReligious aspects _xBuddhism. |
|
| 999 |
_c5443 _d5443 |
||